000 00360nam a22001697a 4500
003 UA-OsUOA
001 1790
007 ta
008 20050721b un ||||| |||| 00| 0 ukr d
100 _aBittner
700 _aF. Rosanne
942 _cBK
040 _aUA-OsUOA
_cUA-OsUOA
_dUA-OsUOA
245 _aHeart's Surrender
_bFiction
955 _a2
650 7 _2UDC
999 _c287952
_d287952